Issues in twentieth-century world history / (Record no. 196852)
[ view plain ]
| 000 -LEADER | |
|---|---|
| fixed length control field | 00608nam a22001937a 4500 |
| 005 - DATE AND TIME OF LATEST TRANSACTION | |
| control field | 20230802145052.0 |
| 010 ## - LCCN (DPL NO) | |
| LC control number | ENG-137664 |
| 020 ## - INTERNATIONAL STANDARD BOOK NUMBER | |
| International Standard Book Number | 9780230639959 |
| Terms of availability | 290.00 |
| 035 ## - SYSTEM CONTROL NUMBER | |
| System control number | EN-121196 |
| 037 ## - SOURCE OF ACQUISITION | |
| Source of stock number/acquisition | Macmillan Publishers India Ltd |
| 082 ## - DEWEY DECIMAL CLASSIFICATION NUMBER | |
| Classification number | 909.82 |
| 100 ## - MAIN ENTRY--PERSONAL NAME | |
| Personal name | Mahajan,Sneh |
| 245 ## - TITLE STATEMENT | |
| Title | Issues in twentieth-century world history / |
| Statement of responsibility, etc | by Sneh Mahajan |
| 260 ## - PUBLICATION, DISTRIBUTION, ETC. (IMPRINT) | |
| Place of publication, distribution, etc | New Delhi |
| Name of publisher, distributor, etc | Macmillan India Ltd. |
| Date of publication, distribution, etc | 2010 |
| 270 ## - ADDRESS | |
| Address | 2/10, Ansari Road, Daryaganj, |
| City | New Delhi |
| Postal code | 110002 |
| 300 ## - PHYSICAL DESCRIPTION | |
| Extent | 365p. |
| Dimensions | 24cm(Pbk) |
| 500 ## - GENERAL NOTE | |
| General note | includes bibliography,index |
| 942 ## - ADDED ENTRY ELEMENTS (KOHA) | |
| Source of classification or shelving scheme | Dewey Decimal Classification |
| Item type | English Books |
| Call number suffix | MAH |
| Classification part | 909.82 |
| Withdrawn status | Lost status | Not for loan | Collection code | Home library | Current library | Date acquired | Source of acquisition | Cost, normal purchase price | Full call number | Barcode | Copy number | Cost, replacement price | Koha item type |
|---|---|---|---|---|---|---|---|---|---|---|---|---|---|
| Non-fiction | Kadipur | Kadipur | 02/08/2023 | DBAD/PUB | 290.00 | 909.82 MAH | EN-121196 | 1 | 290.00 | English Books |
